Mažoretky Cheeky Girls Krompachy sú majsterkami Slovenska

Bibliographic Details
Main Author: Karoľová, Dagmar (Author)
Format: Article
Language:Slovak
PhysicalDescription:Fotogr.
ISSN:1339-0368
Subjects:
Online Access:http://www.krompachy.sk/homepage/read?reqMonth=2017-01&articleId=3347&do=ChangeMonth

MARC

LEADER 00000nab a2200000 ar4500
001 vtls011619886
003 SK-MaSNL
005 20260305031118.0
008 170323c20150720xo mr|p|||||||000 b|slo
038 |a SNSK 
040 |b slo  |c SNSK  |e AACR2 
041 |a slo 
044 |a xo  |c SK 
080 |a 793.32  |2 2011 
080 |a 7.092  |x (437.6)  |2 2011 
100 1 |a Karoľová, Dagmar  |4 aut  |9 1081041 
245 1 0 |a Mažoretky Cheeky Girls Krompachy sú majsterkami Slovenska  |c Dagmar Karoľová 
300 |b Fotogr. 
610 2 7 |a Cheeky Girls (mažoretky : Krompachy, Slovensko)  |2 snsk  |9 1608728 
650 0 7 |a mažoretky  |2 snsk  |9 17529 
651 7 |a Krompachy (Slovensko)  |2 snsk  |9 43389 
651 7 |a Spišská Nová Ves (Slovensko : okres)  |2 snkbucl  |9 22259 
773 0 |t Krompašský spravodajca : mesačník občanov Krompách  |g Roč. 25, č. [7] (20. júl 2015), s. 6  |x 1339-0368 
852 |a SNSK  |b KIS3GCP 
856 4 1 |u http://www.krompachy.sk/homepage/read?reqMonth=2017-01&articleId=3347&do=ChangeMonth 
999 |c 3314739  |d 3316669